01295nam a2200241Ia 4500001001100000003001000011008004100021040002500062041001300087100004300100245006300143250001100206260006700217300002800284500019100312501011400503520019100617650002800808942000700836957000600843999004200849952016200891L242-14161IT-CnALBA170116s9999||||xx |||||||||||||| ||und|| aIT-CnALBAcIT-CnALBA aITALIANO aBELORGEY DOM GODEFROID, MONACO. ABATE. 0aSOTTO LO SGUARDO DI DIO. INIZIAZIONE ALLA VITA INTERIORE.  a2a ed. aCINISELLO BALSAMO (MI)bEDIZIONI PAOLINEc1953 [1° Ed.: n.d.] a151 p. (prefazione: 15) aVITA INTERIORE. GESÙ. PREGHIERA. PRESENZA DI DIO. SILENZIO. LA TRINITÀ IN NOI. SPIRITO SANTO. PERSEVERANZA. ENTUSIASMO. REGOLA DI SAN BENEDETTO. DOPPIONE. CONFRONTA DOCUMENTO 1197O.  aSocietà San Paolo EM - Piazza San Paolo, 14 - 12051 ALBA (CN) (non commercial uses only) ® Copyright 2017 aVITA INTERIORE. GESÙ. PREGHIERA. PRESENZA DI DIO. SILENZIO. LA TRINITÀ IN NOI. SPIRITO SANTO. PERSEVERANZA. ENTUSIASMO. REGOLA DI SAN BENEDETTO. DOPPIONE. CONFRONTA DOCUMENTO 1197O.  aMEDITAZIONI E PREGHIERA cBK 71 a18913bNOg Copie: 1 c273336d273336 0010406L_2421416171aALBAbALBAd2017-01-16l0oL242-14161r2017-01-16 00:00:00w2017-01-16yBKz(data import: 16 gennaio 2017) - By Epidotti, Vaglietti.